Skład Pogoni Szczecin Sezon 23/24 - Statystyki

Ogólne statystyki
  • Ten quiz został rozwiązany 55 razy
  • Średni wynik to 12 z 29
Statystyki odpowiedzi
Pozycja Nazwisko % Poprawnych
Pomocnik Grosicki
85%
Bramkarz Cojocaru
79%
Obrońca Koutris
65%
Obrońca Zech
65%
Obrońca Borges
63%
Napastnik Koulouris
60%
Obrońca Malec
60%
Bramkarz Klebaniuk
58%
Pomocnik Kurzawa
56%
Pomocnik Gorgon
48%
Napastnik Paryzek
48%
Pomocnik Przyborek
48%
Pomocnik Wedrychowski
44%
Pomocnik Ulvestad
42%
Obrońca Wahlqvist
42%
Pomocnik Gamboa
40%
Obrońca Lisowski
40%
Obrońca Loncar
38%
Pomocnik Zahović
38%
Pomocnik Smoliński
31%
Pomocnik Bichakhchyan
29%
Bramkarz Holewiński
25%
Pomocnik Fornalczyk
21%
Napastnik Klukowski
15%
Obrońca Stolarski
13%
Pomocnik Korczakowski
10%
Pomocnik Rostami
4%
Pomocnik Wawrzynowicz
2%
Pomocnik Gołębiewski
0%
Nie znaleziono quizów pasujących do podanych kryteriów
Rozkład punktacji
Procent ludzi z każdym wynikiem
Percentyl według liczby udzielonych odpowiedzi
Twoja historia wyników
Nie rozwiązałeś tego quizu